Horse Breeds - Statistics

General Stats
  • This quiz has been taken 986 times
  • The average score is 12 of 62
Answer Stats
Breed % Correct
Arabian
76%
Shetland
61%
Thoroughbred
61%
Mustang
57%
Shire
57%
Clydesdale
56%
Appaloosa
55%
Andalusian
40%
Welsh
40%
Morgan
37%
Friesian
36%
American Quarter
32%
Fjord
31%
Icelandic
30%
Dutch Warmblood
29%
Percheron
29%
American Paint
28%
Cob
27%
Akhal-Teke
26%
Falabella
22%
Tennessee Walking Horse
21%
Connemara
20%
Haflinger
20%
Dartmoor
18%
Hanoverian
18%
Standardbred
18%
Exmoor
17%
Gypsy Vanner
16%
Lusitano
15%
American Saddlebred
14%
Paso Fino
14%
Marwari
13%
Missouri Fox Trotter
12%
Holsteiner
11%
New Forest
11%
Suffolk Punch
11%
Belgian Warmblood
10%
Knabstrupper
10%
Fell
9%
Irish Sport Horse
9%
Lippizzaner
9%
Trakehner
9%
Hackney
8%
Highland
7%
Swedish Warmblood
7%
Camargue
6%
Irish Draught
6%
Rocky Mountain
6%
Tinker
6%
Belgian Draught
5%
Black Forest
5%
Danish Warmblood
5%
Oldenburger
5%
French Warmblood
4%
French Trotter
3%
Miniature Pony
3%
Swiss Warmblood
2%
Bashkir Curly
1%
German Riding Pony
1%
Pintabian
1%
Pura Raza Espanola
1%
Kinsky
0%
No matching quizzes found
Score Distribution
Percent of People with Each Score
Percentile by Number Answered
Your Score History
You have not taken this quiz